000 00371nam a22001457a 4500
999 _c226
_d226
003 OSt
005 20171025110325.0
008 160621b xxu||||| |||| 00| 0 eng d
020 _a9780762103317
040 _cTEST
100 _9278
_aCarter, J, , ., et al
245 _aWork out for a Balenced Brain
260 _aN.Y
_bReaders Digest
_c2001
300 _aWork out for a Balenced Brain
942 _2ddc
_cBK